LEADER 00972cam0-22003011i-450- 001 990007065990403321 005 20070709095216.0 010 $a15-615-9254-4 035 $a000706599 035 $aFED01000706599 035 $a(Aleph)000706599FED01 035 $a000706599 100 $a20020325d2001----km-y0itay50------ba 101 0 $aeng 102 $aGB 200 1 $a<>historical dictionary of world political geography$ean encyclopaedic guide to the history of nations$fCarlos Ramirez-Faria 210 $aBasingstoke-New York$cPalgrave$d2001 215 $aX, 447 p.$cc. geogr.$d24 cm 610 0 $aGeografia politica$aEnciclopedie e dizionari 676 $a320.12$v21$zita 700 1$aRamirez-Faria,$bCarlos$c<1936- > 801 0$aIT$bUNINA$gRICA$2UNIMARC 901 $aBK 912 $a990007065990403321 952 $aXXX Cod. 913$b37256$fFSPBC 959 $aFSPBC 996 $aHistorical dictionary of world political geography$9706165 997 $aUNINA LEADER 01528nam0-2200409li-450 001 990000249560203316 005 20180312154834.0 010 $a0-8159-5823-4 035 $a0024956 035 $aUSA010024956 035 $a(ALEPH)000024956USA01 035 $a0024956 100 $a2001991101979-------y0itay0103----ba 101 0 $aeng 102 $aUS 200 1 $a<> counter-revolution in physics / with excerpts from Ives'correspondence. The Einstein myth / by Dean Turner. Euclid or Einstein a condensation / by J.J. Callahan ; and papers and comments by others ; [all] edited with comments by Richard Hazelett and Dean Turner$vThe>> Einstein myth and the Ives papers 210 $aOld Greenwich (Conn.)$cThe Devin-Adair Company Publishers$d1979 215 $aVII, 423 p.$cill.$d29 cm 610 1 $afisica$aletture 610 1 $arelativita'$aletture 610 1 $aspazio-tempo$aletture 676 $a53011$9Teoria della relativita' 702 1$aHazelett,$bRichard 702 1$aTurner,$bDean 801 $aSistema bibliotecario di Ateneo dell' Università di Salerno$gRICA 912 $a990000249560203316 951 $a530.11 EIN$b13013/CBS$c530.11$d00219218 959 $aBK 969 $aSCI 979 $c19911022 979 $c20001110$lUSA01$h1715 979 $aPATTY$b90$c20011019$lUSA01$h1528 979 $c20020403$lUSA01$h1633 979 $aPATRY$b90$c20040406$lUSA01$h1618 979 $aRSIAV7$b90$c20090713$lUSA01$h0901 996 $aCounter-revolution in physics$91501345 997 $aUNISA